000 00311nam a22001217a 4500
008 180607b xxu||||| |||| 00| 0 eng d
041 _aeng
080 _a043.3
100 _a0
101 _aMBE-BA
245 _aRendi i Ri Ekonomik Nderkombtar dhe Tranzicioni Ekonomik ne Kosove
_cKrasniqi, F
942 _2udc
_cBK
999 _c46549
_d46549